000 00635nam a2200241 4500
003 OSt
005 20260601171010.0
008 260507b2013\\\\sp\|||||\||||\00|\0\eng\d
020 _a 9788415308362
040 _aICI
_bSPA
_cICI
041 _aENG
050 _aN1002.L63
_bP53
245 1 _aPictos
264 _aBarcelona :
_b Index Book,
_c©2013
300 _a211 páginas :
_bilustraciones
336 _atexto
_2rdacontent
337 _asin medio
_2rdamedia
338 _avolumen
_2rdacarrier
650 4 _aLogotipos
_x Diseño
650 4 _aImagen y diseño corporativo
650 4 _aPictografias
_932988
942 _2lcc
_cB
_n1
999 _c20471
_d20471